000 00359nam a2200157Ia 4500
003 Ost
005 20260225132543.0
008 260225s9999||||xx |||||||||||||| ||und||
040 _cfsic
041 _afre
082 _a440
100 _aL.I.Brejnev
_eAuteur
245 0 _aNotre but :
245 0 _bla paix et le socialisme /
_cL.I.Brejnev
942 _cكتاب
999 _c33625
_d33625